000
00222 a2200097 4500
001
23539
100
_a
Platt, S
245
_a
Magnetic amplifiers theory & application
260
_a
_b
Predice hall
_c
090
_c
15926
_d
15926
942
_a
NUST-CAE
_c
M
_c
6587
999
_c
258612
_d
258612